Statistiques concernant Footballeurs en K (par images).

Cliquez ici pour prendre le quiz!

Statistiques générales

  • Ce quiz a été pris 261 fois
  • Le résultat moyen est 15 sur 24

Statistiques - réponses

Réponse% Correct
Oliver Kahn
100%
N'golo Kanté
99%
Kaká
98%
Harry Kane
97%
Toni Kroos
94%
Jules Koundé
93%
Vincent Kompany
89%
Joshua Kimmich
87%
Kalidou Koulibaly
80%
Miroslav Klose
79%
Ronald Koeman
76%
Laurent Koscielny
74%
Khvicha Kvaratskhelia
72%
Christian Karembeu
67%
Roy Keane
66%
Patrick Kluivert
65%
Raymond Kopa
45%
Kim Källström
41%
Shinji Kagawa
36%
Mario Kempes
20%
Kévin Keegan
14%
Sándor Kocsis
8%
László Kubala
4%
Ruud Krol
3%

Distribution des résultats

Percentile par nombre de réponses

% des personnes avec chaque résultat

Votre développement - résultats

Vous n’avez pas pris ce quiz